|
|
|
|
| LEADER |
00000nab a2200000 a 4500 |
| 001 |
vtls000851109 |
| 003 |
SK-MaSNL |
| 005 |
20260302165117.0 |
| 008 |
160324c2003 xo 0 slo |
| 015 |
|
|
|a SNBRB2003/10-30773
|
| 035 |
|
|
|a CLN000202764
|
| 040 |
|
|
|a SNKBUCL
|b slo
|c SNKBUCL
|e AACR2
|
| 041 |
0 |
|
|a slo
|
| 044 |
|
|
|a xo
|c SK
|
| 080 |
|
|
|a 327(494.9:437.6:437.1/.2):347.23
|2 1997
|
| 080 |
|
|
|a 339.923(4)
|2 1997
|
| 100 |
1 |
|
|a Morvay, Peter,
|d 1968-2020
|4 aut
|9 197202
|
| 245 |
1 |
0 |
|a Kniežatstvo blokuje Prahu a Bratislavu
|b Lichtenštajnsko zabránilo rozšíreniu Európskeho hospodárskeho priestoru ...
|c Peter Morvay
|
| 610 |
|
7 |
|a Európsky hospodársky priestor
|x rozširovanie
|z Lichtenštajnsko
|2 snkbucl
|9 869159
|
| 630 |
0 |
7 |
|a Benešove dekréty
|x spory
|2 snkbucl
|9 869160
|
| 650 |
0 |
7 |
|a spory majetkové
|z Lichtenštajnsko
|z Česko
|z Slovensko
|2 snkbucl
|9 869161
|
| 655 |
|
7 |
|a články z novín a časopisov
|2 snkbucl
|9 267496
|
| 773 |
0 |
|
|x 1335-440X
|t Sme
|g Roč. 11, č. 237 (15.10.2003), s. 14
|
| 850 |
|
|
|a Slovenská národná knižnica v Martine
|
| 852 |
|
|
|a SNK
|b KIS3GCP
|
| 958 |
|
|
|a CZ
|
| 958 |
|
|
|a LI
|
| 958 |
|
|
|a SK
|
| 958 |
|
|
|a RBX
|
| 999 |
|
|
|c 1388921
|d 1390851
|